| 000 | 03429nam a2200337 a 4500 | ||
|---|---|---|---|
| 001 | 000015118 | ||
| 003 | DO-SdBNP | ||
| 005 | 20250410114557.0 | ||
| 007 | ta | ||
| 008 | 100201s2005 dr c 001 0 spa d | ||
| 020 | _z9993490903 | ||
| 040 |
_aDO-SdBNP _bspa _cBNPHU _erda |
||
| 082 | 4 |
_a972.93054 _bS471g, 2005 _222 |
|
| 111 | 2 |
_aSeminario sobre la Revolución de 1965. _d(22-24 de mayo de 2002 : _cSanto Domingo, República Dominicana) _96986 |
|
| 245 | 1 | 0 |
_aGuerra de abril : _binevitabilidad de la historia ; edición, Sócrates Suazo Ruiz ; corrección, José Galván, Alejandro Arvelo |
| 250 | _asegunda edición | ||
| 264 |
_aSanto Domingo : _bEditora Comisión Permanente de Efemérides Patrias, _c2005. |
||
| 300 |
_a466 páginas : _bretratos ; _c23 cm. |
||
| 336 |
_atexto _btxt _2rdacontent |
||
| 337 |
_asin mediación _bn _2rdamedia |
||
| 338 |
_avolumen _bnc _2rdacarrier |
||
| 505 | 0 |
_aCombate y captura de la Fortaleza Ozama / _rRobinson Brea Garó -- _tAsalto y toma de la Fortaleza Ozama por las fuerzas armadas constitucionales en la Revolución de abril de 1965 / _rRafael E. Ubiera Padua -- _tComando de apoyo al Movimento Constitucionalista 24 de abril de 1965 / _rJosé Fco. Margarejo de León -- _tCombates del 14,15, y 16 de junio en el marco del cerco a los constitucionalistas / _rMarcelo Abreu -- _tJuan Bosch y la Constitución de 1963: Causas que dieron origen a la Guerra de Abril / _rRamón Andrés Blanco Fernández -- _tGómez y su dimensión dentro de la Guerra de Abril de 1965 / _rRafael (Fafa)Taveras -- _tEl Doctor Balaguer, el Partido Reformista y su incidencia sobre los acontecimientos de abril de 1965 / _rR. A. Font Bernard -- _tEl papel de la mujer combatiente en la Guerra de Abril de 1965 / _rTeresa Espaillat -- _tEl papel de la mujer combatiente en la Guerra de Abril de 1965 / _rLipe Collado -- _tLa poesía en la guerra / _rMateo Morrison -- _tLas izquierdas, el PRD y los militares en la Revolución de abril / _rNarciso Isa Conde -- _tAntecedentes y evolución de la caída del Presidente Juan Bosch / _rMario Reid Vittini -- _tConstitución, revolución y defensa nacional / _rPedro Manuel Casals Victoria -- _tEl 24 de abril y sus orígenes / _rVinicio Castillo R. -- _tEvolución de la guerra fratricida a la guerra patria / _rRafael Chaljub Mejía -- _tEl Movimiento Obrero en la Guerra de abril de 1965 / _rAlmanzor González Canahuate -- _tLos motivos de la intervención norteamericana de 1965 en R.D. / _rUbi Rivas -- _tEl papel de la Fundación William Jonier Center para el estudio de las guerras y sus consecuencias / _rPaul L. Atwood -- _tLa contienda bélica en la República Dominicana vista por un miembro de la FIP / _rDaniel Idoyaga Mendoza -- _tConsideraciones generales sobre el asalto al Hotel Matum en Santiago / _rLorenzo Sención Silverio -- _gGráficas del Primer Seminario sobre la Guerra de Abril de 1965 -- |
|
| 505 | 0 |
_aBibliografía -- _tCronología de la crisis dominicana de 1965/ _rHamlet Germán -- _tLa Guerra de abril: cronología y antecedentes / _rVíctor Grimaldi -- _gÍndice onomástico. |
|
| 590 | _aInventariado, 2019/MFF | ||
| 651 | 4 |
_aRepública Dominicana _xHistoria _yRevolución, 1965 _xCongresos, conferencias, etc. _96987 |
|
| 700 | 1 |
_aSuazo Ruiz, Sócrates, _eeditor _4ed. _910239 |
|
| 700 | 1 |
_aArvelo, Alejandro, _ecorrector _4corr. _9147 |
|
| 700 | 1 |
_aGalván, José, _ecorrector _4corr. _922673 |
|
| 910 | _aValidado. Control de calidad MMOLINA | ||
| 942 |
_2ddc _cLBS1 |
||
| 999 |
_c14690 _d14690 |
||